000 00641nam a2200229 a 4500
001 69324
003 BD-RjUL
005 20211209081855.0
008 170411s1973 bg p|||| |||| 00| 0 eng d
035 _a(BD-RjUL)69535
040 _aBD-RjUL
_beng
_cBD-RjUL
_dBD-RjUL
041 _aeng
082 _223
_a570
_bBHT 1973
100 1 _aBhuya, A. H
_9205375
245 1 2 _aText-book of biology /
_cA. H. Bhuya, R. W. Timm and revised by R. W. Timm
250 _a10th ed.
260 _aDhacca :
_bMullick Brothers
_c1973
300 _a619 p. :
_bill. ;
_c22 cm.
650 _aBiology.
_9205376
700 _a Timm, R. W
_9205377
942 _2ddc
_cBK
999 _c69324
_d69324